Dead by Daylight: Killer - Statistics

Statistiche generali
  • Questo quiz è stato fatto 22 volte
    3 dall'ultimo reset
  • Il punteggio medio è 26 su 41
Statistiche sulle risposte
Risposta % Corretto
Ghost Face
100%
i Gemelli
100%
il Cacciatore
100%
il Cacciatrice
100%
il Clown
100%
il Demogorgone
100%
il Draga
100%
il Maiale
100%
il Signore Oscuro
100%
la Legione
100%
la Malattia
100%
la Strega
100%
l'Incubo
100%
l'Ombra
100%
l'Oni
100%
lo Spirito
100%
il Boia
50%
il Cannibale
50%
il Cavaliere
50%
il Cenobita
50%
il Dottore
50%
Il Ghoul
50%
il Lich
50%
il Mandriano
50%
il Nemesis
50%
il Tipo Bello
50%
la Piaga
50%
l'Araldo della Morte
50%
l'Artista
50%
la Signora dei segugi
50%
l'Ignoto
50%
l'Infermiera
50%
l'ingannatore
50%
l'Onryo
50%
lo Spettro
50%
lo Xenomorfo
50%
il Krasue
0%
il Mastermind
0%
il Mercante di teschi
0%
l'Animatronic
0%
la Singolarità
0%
Nessun quiz corrispondente trovato
Distribuzione punteggi
Percentuale di utenti per punteggio
Percentile per numero di risposta
I tuoi punteggi nel tempo
Non hai fatto questo quiz dall'ultimo reset